[Event "Junior Online 4NCL Division 5"]
[Site "online"]
[Date "2020.05.14"]
[Round "5.97"]
[White "Howell, Lewis"]
[Black "Edwards, Zachary"]
[Result "1-0"]
[WhiteElo "653"]
[BlackElo "1075"]
[PlyCount "91"]
[EventDate "2020.05.14"]
[WhiteTeam "PSE Panthers"]
[BlackTeam "Surrey Kings 1"]

1. e4 e5 2. Bc4 d6 3. Qf3 f6 4. Qh5+ g6 5. Qd1 c5 6. Nf3 a6 7. O-O b5 8. Bxg8
Rxg8 9. d3 Bb7 10. Nc3 h6 11. Re1 g5 12. Nd5 Bxd5 13. exd5 Qa5 14. Qd2 Qxd2 15.
Bxd2 Rg7 16. h3 Nd7 17. d4 Nb6 18. dxc5 Nxd5 19. cxd6 Kd7 20. g3 Kxd6 21. h4
Rc7 22. hxg5 fxg5 23. Nxe5 Bg7 24. Nf7+ Rxf7 25. f4 gxf4 26. gxf4 Nxf4 27.
Bxf4+ Rxf4 28. Rf1 Rc4 29. Rf7 Rg8 30. b3 Rxc2 31. Kh1 Ke6 32. Ra7 Rgc8 33.
Rxg7 R8c6 34. Rg6+ Ke5 35. Rxc6 Kd5 36. Rxc2 Kd4 37. Rd1+ Ke3 38. Rd8 Ke4 39.
Re2+ Kf3 40. Re7 Kg4 41. Rf8 Kh5 42. Re4 Kg6 43. Rg4+ Kh5 44. Rg1 a5 45. Rf3 a4
46. Rh3# 1-0

[Event "Junior Online 4NCL Division 5"]
[Site "online"]
[Date "2020.05.14"]
[Round "5.98"]
[White "Gardner, Oliver"]
[Black "Yeadon, William"]
[Result "0-1"]
[WhiteElo "1075"]
[BlackElo "525"]
[PlyCount "76"]
[EventDate "2020.05.14"]
[WhiteTeam "Surrey Kings 1"]
[BlackTeam "PSE Panthers"]

1. e3 d5 2. f4 Nf6 3. Bb5+ c6 4. Ba4 b5 5. Bb3 Bg4 6. Ne2 Bxe2 7. Qxe2 Nbd7 8.
Nc3 Nc5 9. Nd1 Nxb3 10. axb3 Ne4 11. d3 Nf6 12. e4 dxe4 13. dxe4 Qa5+ 14. c3
Qxa1 15. Qc2 Qa5 16. Bd2 Rd8 17. b4 Qc7 18. c4 bxc4 19. b5 cxb5 20. Be3 e5 21.
fxe5 Qxe5 22. Nf2 Bb4+ 23. Bd2 Bxd2+ 24. Qxd2 Rxd2 25. Kxd2 Nxe4+ 26. Nxe4 Qxe4
27. Re1 Qe7 28. Rxe7+ Kxe7 29. h4 Rd8+ 30. Ke2 b4 31. h5 g6 32. hxg6 hxg6 33.
g4 c3 34. bxc3 bxc3 35. g5 c2 36. Kf2 c1=Q 37. Kf3 Qc3+ 38. Kg4 Rd4# 0-1

[Event "Junior Online 4NCL Division 5"]
[Site "online"]
[Date "2020.05.14"]
[Round "5.99"]
[White "Lee, Damin"]
[Black "Lewis, Iolo"]
[Result "1-0"]
[WhiteElo "1150"]
[BlackElo "694"]
[PlyCount "127"]
[EventDate "2020.05.14"]
[WhiteTeam "Surrey Kings 1"]
[BlackTeam "PSE Panthers"]

1. e4 e5 2. Nf3 Nf6 3. Nxe5 Nxe4 4. Qf3 f6 5. Qxe4 fxe5 6. Qxe5+ Be7 7. Qxg7
Bf6 8. Qh6 Qe7+ 9. Be2 Bg7 10. Qh5+ Kd8 11. O-O d6 12. d4 Be6 13. Bg5 Bf6 14.
Bxf6 Qxf6 15. g3 Bf7 16. Qh4 Qxh4 17. gxh4 Rg8+ 18. Kh1 Bd5+ 19. f3 Nc6 20. c4
Be6 21. d5 Bh3 22. Rg1 Nd4 23. Rxg8+ Kd7 24. Rxa8 Nxe2 25. Rg8 Nf4 26. Nc3 Nh5
27. Rg5 Nf4 28. Rg4 Bxg4 29. fxg4 Ng6 30. h5 Nh4 31. Rf1 Ng2 32. Kxg2 c6 33.
dxc6+ bxc6 34. Rf7+ Ke6 35. Rxh7 d5 36. cxd5+ cxd5 37. Nxd5 Kxd5 38. Rxa7 Kc6
39. h6 Kb6 40. Rf7 Kc6 41. h7 Kd6 42. h8=Q Ke6 43. Ra7 Kd6 44. Qh6+ Kc5 45.
Ra5+ Kd4 46. Qf4+ Kd3 47. Ra3+ Kc2 48. Qf2+ Kd1 49. Rd3+ Kc1 50. Qe1+ Kxb2 51.
Rd2+ Kc3 52. Rf2+ Kd4 53. Qd1+ Ke5 54. Qb3 Ke4 55. Re2+ Kf4 56. Qc3 Kg5 57. Re4
Kh4 58. a4 Kg5 59. a5 Kh4 60. a6 Kg5 61. a7 Kh4 62. a8=Q Kg5 63. Qg8+ Kh4 64.
Qh3# 1-0

[Event "Junior Online 4NCL Division 5"]
[Site "online"]
[Date "2020.05.14"]
[Round "5.100"]
[White "Evans, Finley"]
[Black "Flanders, William"]
[Result "1-0"]
[WhiteElo "617"]
[BlackElo "1112"]
[PlyCount "65"]
[EventDate "2020.05.14"]
[WhiteTeam "PSE Panthers"]
[BlackTeam "Surrey Kings 1"]

1. e4 e5 2. Nf3 d6 3. d4 f6 4. dxe5 fxe5 5. Bb5+ Bd7 6. Bxd7+ Qxd7 7. Rf1 Qb5
8. Nc3 Qd7 9. b4 Qd8 10. Bg5 Be7 11. Nd5 Bxg5 12. Nxg5 Qxg5 13. Nxc7+ Ke7 14.
Nxa8 Na6 15. b5 Qxg2 16. bxa6 bxa6 17. Rb1 Qxe4+ 18. Qe2 d5 19. Qxe4 dxe4 20.
Rb7+ Ke8 21. Rxa7 Nh6 22. Rxa6 Ng4 23. Rh1 Nf6 24. Re6+ Kf7 25. Rxe5 Kg6 26.
Rg1+ Kh6 27. Rg3 Ng4 28. Rxg4 Rxa8 29. Rexe4 Rf8 30. a4 Ra8 31. Ref4 Rc8 32.
Rf3 Rxc2 33. Rh3# 1-0

[Event "Junior Online 4NCL Division 5"]
[Site "online"]
[Date "2020.05.14"]
[Round "5.101"]
[White "Edwards, Zachary"]
[Black "Howell, Lewis"]
[Result "0-1"]
[WhiteElo "1075"]
[BlackElo "653"]
[PlyCount "52"]
[EventDate "2020.05.14"]
[WhiteTeam "Surrey Kings 1"]
[BlackTeam "PSE Panthers"]

1. d4 d5 2. Bg5 Nc6 3. e3 Nf6 4. Bxf6 exf6 5. Bb5 Bd7 6. Bxc6 Bxc6 7. Nh3 Bd7
8. Nf4 Bd6 9. Nxd5 Be6 10. Ndc3 Bb4 11. Na3 Bxc3+ 12. bxc3 O-O 13. O-O Qe7 14.
Qh5 Qxa3 15. Rfc1 Qe7 16. Rcb1 g6 17. Qf3 Rab8 18. Rxb7 Rxb7 19. Qxb7 Rd8 20.
Qxa7 Bd5 21. Qa4 Qe4 22. f3 Qxe3+ 23. Kf1 Re8 24. Rb1 Qe2+ 25. Kg1 Bc4 26. Rf1
Qxf1# 0-1

[Event "Junior Online 4NCL Division 5"]
[Site "online"]
[Date "2020.05.14"]
[Round "5.102"]
[White "Yeadon, William"]
[Black "Gardner, Oliver"]
[Result "1-0"]
[WhiteElo "525"]
[BlackElo "1075"]
[PlyCount "127"]
[EventDate "2020.05.14"]
[WhiteTeam "PSE Panthers"]
[BlackTeam "Surrey Kings 1"]

1. d4 e6 2. Nf3 Bb4+ 3. c3 Ba5 4. b4 Bb6 5. Ng5 a5 6. bxa5 Bxa5 7. Qa4 Bxc3+ 8.
Nxc3 Rxa4 9. Nxa4 b5 10. Nc3 b4 11. Nb5 c6 12. Nd6+ Ke7 13. Ngxf7 Qf8 14. Nxh8
Nf6 15. Ng6+ Kxd6 16. Nxf8 Ke7 17. Nxh7 Nxh7 18. g4 Ba6 19. h4 Bb7 20. Bg5+ Kf7
21. h5 Nxg5 22. Rb1 c5 23. dxc5 Bxh1 24. Rxb4 Na6 25. Rf4+ Ke7 26. Ra4 Nxc5 27.
Ra5 Nb7 28. Rxg5 Kf6 29. f4 Be4 30. e3 Nd6 31. a4 Nf7 32. Rb5 Bc6 33. Ra5 Nd6
34. Ra6 Ke7 35. Bb5 Bb7 36. Ra5 Ne4 37. Ba6 Bc6 38. Bd3 Bd5 39. Bxe4 Bxe4 40.
Rg5 Bf3 41. Rxg7+ Kf6 42. Rg6+ Ke7 43. h6 Kd6 44. h7 Kd5 45. h8=Q Kc4 46. Qd4+
Kb3 47. Rg8 Bd5 48. Rb8+ Kc2 49. Qb2+ Kd3 50. Qd2+ Ke4 51. Rb4+ Kf3 52. Qf2+
Kxg4 53. Rb8 Kf5 54. Rf8+ Ke4 55. Qc2+ Kxe3 56. Qe2+ Kd4 57. Rb8 e5 58. Rb4+
Kc5 59. Rb5+ Kd4 60. Qxe5+ Kc4 61. Rxd5 Kb4 62. Qb2+ Kxa4 63. Rxd7 Ka5 64. Ra7#
1-0

[Event "Junior Online 4NCL Division 5"]
[Site "online"]
[Date "2020.05.14"]
[Round "5.105"]
[White "Withnall, Harry"]
[Black "Edwards, Benjy"]
[Result "0-1"]
[WhiteElo "597"]
[BlackElo "1037"]
[PlyCount "112"]
[EventDate "2020.05.14"]
[WhiteTeam "PSE Tigers"]
[BlackTeam "Surrey Kings 2"]

1. e4 e6 2. Nf3 d5 3. Nc3 d4 4. Nb5 Bd7 5. d3 Bxb5 6. Bg5 f6 7. Bf4 f5 8. exf5
exf5 9. c3 dxc3 10. bxc3 Bxd3 11. Bxd3 Nc6 12. O-O Ba3 13. Rb1 Nf6 14. Nd4 Nxd4
15. cxd4 Qxd4 16. Bxc7 Qc5 17. Bf4 O-O-O 18. h4 Rd4 19. Rc1 Rxf4 20. Rxc5+ Kb8
21. Rc3 Nd5 22. Rxa3 Nb4 23. Bb5 a6 24. Bd7 Rd8 25. g3 Rc4 26. Ra4 b5 27. Ra3
Kc7 28. Bxf5 g6 29. Qe1 gxf5 30. f4 Nc2 31. Qc1 Nxa3 32. Qxa3 b4 33. Qe3 a5 34.
Qe1 a4 35. h5 b3 36. axb3 axb3 37. h6 Ra4 38. Kh2 Ra3 39. Kh3 Rg8 40. Rg1 b2
41. Qb1 Rb3 42. Rg2 Rg4 43. Qd1 b1=Q 44. Qxg4 fxg4+ 45. Kxg4 Qg6+ 46. Kh4 Rb5
47. f5 Qxf5 48. g4 Qg5+ 49. Kg3 Qxh6 50. Kf3 Qf6+ 51. Kg3 Rb4 52. Kh3 Qc3+ 53.
Kh4 Rb3 54. Rh2 Qf6+ 55. Kh5 Rb5+ 56. g5 Qxg5# 0-1

[Event "Junior Online 4NCL Division 5"]
[Site "online"]
[Date "2020.05.14"]
[Round "5.106"]
[White "Salguero, Santiago"]
[Black "Pearn, Alex"]
[Result "1-0"]
[WhiteElo "1000"]
[BlackElo "593"]
[PlyCount "61"]
[EventDate "2020.05.14"]
[WhiteTeam "Surrey Kings 2"]
[BlackTeam "PSE Tigers"]

1. e4 e5 2. Qh5 Nc6 3. Bb5 g6 4. Qd1 Nf6 5. Bxc6 dxc6 6. Nf3 Nxe4 7. O-O Bg4 8.
h3 Bxf3 9. gxf3 Qg5+ 10. Kh1 Nd6 11. d4 exd4 12. Qxd4 Rg8 13. Qe3+ Be7 14. h4
Qxh4+ 15. Kg1 Qg5+ 16. Qxg5 Bxg5 17. Bxg5 Nc4 18. Re1+ Kf8 19. Bh6+ Rg7 20.
Bxg7+ Kxg7 21. b3 Nb2 22. a4 b5 23. axb5 cxb5 24. Ra5 c6 25. Ra6 Rc8 26. Rxa7
c5 27. Ree7 Kf8 28. Kf1 Nd1 29. Rad7 Nb2 30. Rxf7+ Ke8 31. Rxh7 1-0

[Event "Junior Online 4NCL Division 5"]
[Site "online"]
[Date "2020.05.14"]
[Round "5.107"]
[White "Howell, Lloyd"]
[Black "Ambrose, Daniel"]
[Result "0-1"]
[WhiteElo "426"]
[BlackElo "925"]
[PlyCount "68"]
[EventDate "2020.05.14"]
[WhiteTeam "PSE Tigers"]
[BlackTeam "Surrey Kings 2"]

1. e4 c6 2. Bc4 f6 3. Qh5+ g6 4. Qd1 Bh6 5. Nf3 Na6 6. O-O Nc5 7. d4 Nxe4 8.
Bxh6 Nxh6 9. Na3 Qb6 10. Bb3 Qa6 11. Qe2 Qxe2 12. g4 Nxg4 13. Rae1 Qxf3 14. Bc4
Nexf2 15. Rxf2 Nxf2 16. Nb1 Ng4 17. Nd2 Qf4 18. Rd1 Qxd4+ 19. Kf1 Nxh2+ 20. Kg2
Ng4 21. Nf3 Qxc4 22. Kg3 Ne3 23. Re1 Nxc2 24. Re3 Nxe3 25. Nh4 Qxa2 26. Nf3
Qxb2 27. Kf4 Nd5+ 28. Ke4 f5+ 29. Kd3 Rf8 30. Nh4 Rf6 31. Nf3 Re6 32. Ng5 b6
33. Nxe6 dxe6 34. Kc4 Ba6# 0-1

[Event "Junior Online 4NCL Division 5"]
[Site "online"]
[Date "2020.05.14"]
[Round "5.108"]
[White "Salguero, Francisco Javier"]
[Black "Blythe, Harry"]
[Result "0-1"]
[WhiteElo "925"]
[BlackElo "433"]
[PlyCount "118"]
[EventDate "2020.05.14"]
[WhiteTeam "Surrey Kings 2"]
[BlackTeam "PSE Tigers"]

1. e4 Nf6 2. Bb5 Nxe4 3. Qh5 g6 4. Qh4 Nd6 5. Nf3 Nxb5 6. Ne5 f6 7. Nxg6 Bg7 8.
Nxh8 Bxh8 9. f3 Kf8 10. Qxh7 Ke8 11. Qxh8+ Kf7 12. Qh7+ Ke6 13. Rf1 Qe8 14. Rf2
Kd5 15. Qh5+ Qxh5 16. Nc3+ Nxc3 17. bxc3 Qe5+ 18. Kd1 Na6 19. c4+ Kxc4 20. Rb1
d6 21. Rb2 Bf5 22. g3 d5 23. f4 Qe6 24. d3+ Kc5 25. Rb3 Rd8 26. Rc3+ Kb4 27.
Ba3+ Kb5 28. Rb3+ Ka4 29. Bb2 Nc5 30. Ra3+ Kb4 31. Bc3+ Kxa3 32. Bd4 Na4 33.
Bxa7 Qd7 34. Re2 Nc5 35. c3 Ne6 36. Re3 Nxf4 37. c4 Nxd3 38. Bc5+ Kxa2 39. h4
Kb3 40. h5 Kxc4 41. h6 Ra8 42. Ba3 Rxa3 43. h7 Ra8 44. Re1 Nxe1 45. Kxe1 d4 46.
h8=B Rxh8 47. Ke2 Qa4 48. Kf3 Rh5 49. g4 Bxg4+ 50. Kxg4 Rh1 51. Kf5 d3 52. Ke4
d2 53. Ke3 d1=Q 54. Ke4 Qa5 55. Kf4 Qae1 56. Kf5 Qf3+ 57. Kg6 Rg1+ 58. Kf7 Qd5+
59. Ke8 Rg8# 0-1

[Event "Junior Online 4NCL Division 5"]
[Site "online"]
[Date "2020.05.14"]
[Round "5.109"]
[White "Edwards, Benjy"]
[Black "Withnall, Harry"]
[Result "0-1"]
[WhiteElo "1037"]
[BlackElo "597"]
[PlyCount "88"]
[EventDate "2020.05.14"]
[WhiteTeam "Surrey Kings 2"]
[BlackTeam "PSE Tigers"]

1. e4 e5 2. Bc4 Nc6 3. Qf3 Nf6 4. Qd1 Bc5 5. Nc3 d6 6. d3 Bg4 7. f3 Bh5 8. Bg5
Bxg1 9. Rxg1 h6 10. Bxf6 gxf6 11. Qe2 Nd4 12. Qf2 O-O 13. O-O-O a5 14. Bd5 a4
15. Bxb7 Rb8 16. Ba6 Ra8 17. Bb7 Rb8 18. Bc6 Nxc6 19. Nxa4 Ra8 20. Nb6 cxb6 21.
Rge1 Na7 22. Qg3+ Kh8 23. h4 Nc6 24. Rh1 Ne7 25. Rh3 Rg8 26. Qh2 Nf5 27. g4 Ne3
28. Rf1 Nxf1 29. Qg2 Ne3 30. gxh5 Nxg2 31. a4 Rxa4 32. b3 Ra8 33. c4 Ne3 34. b4
Ra4 35. c5 dxc5 36. bxc5 bxc5 37. Kd2 Nf1+ 38. Ke1 Ne3 39. Ke2 Ra2+ 40. Kxe3
Ra3 41. f4 Qxd3+ 42. Kf2 Qxh3 43. f5 Qh2+ 44. Kf1 Ra1# 0-1

[Event "Junior Online 4NCL Division 5"]
[Site "online"]
[Date "2020.05.14"]
[Round "5.110"]
[White "Pearn, Alex"]
[Black "Salguero, Santiago"]
[Result "1-0"]
[WhiteElo "593"]
[BlackElo "1000"]
[PlyCount "105"]
[EventDate "2020.05.14"]
[WhiteTeam "PSE Tigers"]
[BlackTeam "Surrey Kings 2"]

1. d4 d5 2. Nc3 Nf6 3. Nf3 Nc6 4. Bg5 e5 5. Bxf6 gxf6 6. dxe5 fxe5 7. Nxd5 e4
8. Ng5 Qxg5 9. Nxc7+ Ke7 10. Nxa8 Qa5+ 11. c3 b5 12. Nc7 Qxc7 13. e3 Qd7 14.
Bxb5 Qg4 15. Bxc6 Qxg2 16. Rf1 Ke6 17. Qd5+ Kf6 18. Qd4+ Kg6 19. Bxe4+ f5 20.
Bxg2 Bg7 21. Qc4 Rd8 22. Qc7 Re8 23. e4 fxe4 24. Bxe4+ Rxe4+ 25. Kd2 Bh6+ 26.
Kd3 Kf5 27. Qxc8+ Ke5 28. Qc6 Rh4 29. Rfe1+ Kf5 30. Qf3+ Bf4 31. Qd5+ Be5 32.
Qxe5+ Kg6 33. Qg3+ Kh5 34. Re5+ Kh6 35. Qxh4+ Kg6 36. Qg5+ Kf7 37. Qh6 Kg8 38.
Re8+ Kf7 39. Ra8 a5 40. Ra7+ Ke8 41. Qxh7 a4 42. Rb7 Kd8 43. Ra7 Kc8 44. Rg7
Kd8 45. Ra7 Kc8 46. Rg7 Kd8 47. Rf7 Ke8 48. Re7+ Kf8 49. Ra7 Ke8 50. Rb7 Kd8
51. Ra7 Kc8 52. Rg7 Kd8 53. Rg8# 1-0

[Event "Junior Online 4NCL Division 5"]
[Site "online"]
[Date "2020.05.14"]
[Round "5.111"]
[White "Ambrose, Daniel"]
[Black "Howell, Lloyd"]
[Result "1/2-1/2"]
[WhiteElo "925"]
[BlackElo "426"]
[PlyCount "142"]
[EventDate "2020.05.14"]
[WhiteTeam "Surrey Kings 2"]
[BlackTeam "PSE Tigers"]

1. c3 e5 2. Na3 Bc5 3. Qa4 Qf6 4. Qa5 Qxf2+ 5. Kd1 Qxf1+ 6. Kc2 Bxg1 7. Qxe5+
Kd8 8. Qxg7 d5 9. Qf8+ Kd7 10. Qg7 Ke7 11. Qxh8 Bf5+ 12. d3 Nc6 13. Qxg8 Rxg8
14. Nb5 d4 15. cxd4 Nxd4+ 16. Nxd4 Rxg2 17. Nxf5+ Kf6 18. Nh6 Qxe2+ 19. Bd2
Qxd2+ 20. Kb3 Qxd3+ 21. Ka4 Rg5 22. Rhxg1 Qd4+ 23. Kb3 Rxg1 24. Rxg1 Qxg1 25.
a4 Qxh2 26. Ng4+ Kg5 27. Nxh2 Kh4 28. Kc4 f5 29. b4 f4 30. Nf3+ Kg4 31. Nd2 f3
32. b5 f2 33. a5 b6 34. axb6 axb6 35. Kd5 Kf4 36. Ke6 Ke3 37. Nf1+ Ke2 38. Ng3+
Kf3 39. Nf1 Kg2 40. Nd2 h5 41. Kd7 h4 42. Kxc7 h3 43. Kxb6 h2 44. Ka6 h1=Q 45.
b6 Qh6 46. Ka7 Qd6 47. b7 Qa3+ 48. Kb6 Qd6+ 49. Ka7 Qa3+ 50. Kb6 Qd6+ 51. Ka7
Qa3+ 52. Kb6 Qd6+ 53. Ka7 Qa3+ 54. Kb8 Qd3 55. Kc7 Qh7+ 56. Kc8 Qg8+ 57. Kc7
Qf7+ 58. Kb6 Qf6+ 59. Ka7 Qa1+ 60. Kb8 Qd1 61. Ka7 Qa1+ 62. Kb6 Qb2+ 63. Kc7
Qc3+ 64. Kb8 Qxd2 65. Ka8 Qa2+ 66. Kb8 f1=Q 67. Kc8 Qf8+ 68. Kc7 Qaf7+ 69. Kb6
Qb8 70. Ka6 Qbxb7+ 71. Ka5 Qf4 1/2-1/2

[Event "Junior Online 4NCL Division 5"]
[Site "online"]
[Date "2020.05.14"]
[Round "5.112"]
[White "Blythe, Harry"]
[Black "Salguero, Francisco Javier"]
[Result "1-0"]
[WhiteElo "433"]
[BlackElo "925"]
[PlyCount "155"]
[EventDate "2020.05.14"]
[WhiteTeam "PSE Tigers"]
[BlackTeam "Surrey Kings 2"]

1. Nc3 c5 2. Nf3 Qa5 3. b4 Qb6 4. bxc5 Qxc5 5. Rb1 Nc6 6. Nb5 a6 7. Na3 b5 8.
d4 Qd5 9. Qd3 Rb8 10. Qe3 b4 11. Nc4 b3 12. cxb3 Bb7 13. Bd2 Kd8 14. Ba5+ Kc8
15. Qf4 d6 16. Nxd6+ Kd7 17. e3 exd6 18. Bd3 Qxa5+ 19. Kd1 Qxa2 20. Kc1 Qxf2
21. Qf5+ Kc7 22. Qg4 Qa2 23. Ng5 Re8 24. Be2 Rxe3 25. Bf3 Rxb3 26. Qf5 Rxb1+
27. Qxb1 Qa3+ 28. Kc2 Qa4+ 29. Kc1 Qxd4 30. Qf5 Qc4+ 31. Kb1 Qb4+ 32. Kc1 Qa3+
33. Kd1 Qa4+ 34. Ke1 Qa5+ 35. Kf1 Qb5+ 36. Kf2 Qc5+ 37. Kg3 a5 38. Bg4 Qc3+ 39.
Kh4 a4 40. Qd7+ Kb6 41. Qe6 a3 42. Qf5 a2 43. Nxf7 a1=Q 44. Rxa1 Qxa1 45. Nxh8
Qe1+ 46. Kh5 Qc1 47. Nf7 d5 48. Qxd5 Qh1 49. Nd6 Qxh2+ 50. Kg5 Qxg2 51. Qxg2
h6+ 52. Kf4 Nf6 53. Nxb7 Kxb7 54. Bf3 Nh5+ 55. Bxh5 Bd6+ 56. Kf5 g6+ 57. Kxg6
Bf4 58. Bf3 Ka6 59. Bxc6 Kb6 60. Be4 h5 61. Qf2+ Kc7 62. Qxf4+ Kd7 63. Qg5 Kd6
64. Qxh5 Ke6 65. Qg5 Kd6 66. Qf5 Kc7 67. Qf6 Kd7 68. Kf7 Kc7 69. Ke7 Kc8 70.
Ke6 Kc7 71. Kf7 Kd7 72. Qe7+ Kc8 73. Ke6 Kb8 74. Kd6 Kc8 75. Kc6 Kb8 76. Bf5
Ka8 77. Kb6 Kb8 78. Qb7# 1-0

[Event "Junior Online 4NCL Division 5"]
[Site "online"]
[Date "2020.05.14"]
[Round "5.115"]
[White "Lee, Isaac"]
[Black "Thomas, Poppy"]
[Result "1-0"]
[WhiteElo "1240"]
[BlackElo "415"]
[PlyCount "115"]
[EventDate "2020.05.14"]
[WhiteTeam "Cambridge Chess & Go C"]
[BlackTeam "PSE Jaguars"]

1. e4 e5 2. Nf3 Bd6 3. Bc4 Qf6 4. Nc3 Nh6 5. Nd5 Qg6 6. Nc3 Bb4 7. O-O Rf8 8.
Re1 Qc6 9. Bd5 Qg6 10. a3 Bd6 11. b4 a5 12. Bb2 axb4 13. axb4 Rxa1 14. Qxa1 c6
15. Bc4 b5 16. Bd3 Na6 17. Ba3 Bxb4 18. Bxb4 Nxb4 19. Qb1 Nxd3 20. cxd3 b4 21.
Qxb4 f5 22. exf5 Qxf5 23. Qb8 Kf7 24. Nxe5+ Ke8 25. Ng6+ Kf7 26. Nxf8 Kxf8 27.
Qxc8+ Kf7 28. Qe8+ Kf6 29. Qf8+ Kg5 30. Qxg7+ Kh5 31. Re5 Qxe5 32. Qxe5+ Kg6
33. Qd6+ Kh5 34. Qxd7 Kg5 35. Qxc6 Ng4 36. Qd5+ Kf4 37. Qe4+ Kg5 38. d4 Nf6 39.
d5 Nxe4 40. Nxe4+ Kf4 41. d6 Kxe4 42. d7 Ke5 43. d8=Q Ke6 44. Qe8+ Kd6 45. Qf8+
Ke6 46. Qh6+ Kf5 47. Qxh7+ Kg5 48. d4 Kg4 49. d5 Kf4 50. g3+ Kf3 51. d6 Ke2 52.
d7 Ke1 53. d8=Q Ke2 54. Qhe7+ Kf3 55. Qd3+ Kg4 56. Qe6+ Kh5 57. Qf3+ Kg5 58.
Qfg4# 1-0

[Event "Junior Online 4NCL Division 5"]
[Site "online"]
[Date "2020.05.14"]
[Round "5.117"]
[White "Syposz, Iza"]
[Black "Jacques, Benji"]
[Result "1-0"]
[WhiteElo "1007"]
[BlackElo "346"]
[PlyCount "61"]
[EventDate "2020.05.14"]
[WhiteTeam "Cambridge Chess & Go C"]
[BlackTeam "PSE Jaguars"]

1. e4 e5 2. Nf3 Nc6 3. Bb5 Bb4 4. O-O Nf6 5. Bxc6 dxc6 6. c3 Bc5 7. b4 Bb6 8.
Na3 O-O 9. Nc2 Nxe4 10. Nxe5 f6 11. Ng4 f5 12. Ne5 Rf6 13. d3 Rg6 14. dxe4 fxe4
15. Be3 Qg5 16. Bxg5 Rxg5 17. Nc4 Bf5 18. Nxb6 axb6 19. Nd4 Rf8 20. Nxf5 Rfxf5
21. h4 Rg4 22. f3 Rg6 23. fxe4 Rh5 24. Qxh5 Rd6 25. c4 g6 26. Qe5 Rd8 27. Qxc7
Rd4 28. Qxb6 Rxe4 29. Qxb7 Rxc4 30. Rfd1 Rxb4 31. Rd8# 1-0

[Event "Junior Online 4NCL Division 5"]
[Site "online"]
[Date "2020.05.14"]
[Round "5.118"]
[White "Coles, Osian"]
[Black "Dushi, Errol"]
[Result "1-0"]
[WhiteElo "325"]
[BlackElo "925"]
[PlyCount "51"]
[EventDate "2020.05.14"]
[WhiteTeam "PSE Jaguars"]
[BlackTeam "Cambridge Chess & Go C"]

1. e3 e6 2. Bc4 Bb4 3. c3 Ba5 4. b4 Bxb4 5. cxb4 Nc6 6. b5 Nb4 7. a3 Nf6 8.
axb4 Ne4 9. Bd3 Nc3 10. Nxc3 d6 11. Nf3 e5 12. O-O Bg4 13. Bc4 Bxf3 14. Qxf3
Qe7 15. Qxb7 Kd7 16. Nd5 Rab8 17. Qxa7 Rb7 18. Qxb7 Rd8 19. Nxe7 Rc8 20. Nxc8
d5 21. Bxd5 Kd8 22. Ra8 Kd7 23. Ra7 e4 24. Qxc7+ Ke8 25. Qxf7+ Kd8 26. Qf8# 1-0

[Event "Junior Online 4NCL Division 5"]
[Site "online"]
[Date "2020.05.14"]
[Round "5.119"]
[White "Thomas, Poppy"]
[Black "Lee, Isaac"]
[Result "0-1"]
[WhiteElo "415"]
[BlackElo "1240"]
[PlyCount "44"]
[EventDate "2020.05.14"]
[WhiteTeam "PSE Jaguars"]
[BlackTeam "Cambridge Chess & Go C"]

1. e4 e5 2. Qh5 Nf6 3. Qf5 d6 4. Qh3 Bxh3 5. Bb5+ Bd7 6. Bxd7+ Qxd7 7. Nf3 Nxe4
8. d3 Nf6 9. O-O Qg4 10. Re1 Nbd7 11. Be3 Nh5 12. h3 Qg6 13. Nc3 O-O-O 14. Nxe5
dxe5 15. d4 exd4 16. Bxd4 Qxc2 17. Rec1 Qxb2 18. Rd1 Qc2 19. Nd5 Qe4 20. Bc3
Bc5 21. g4 Nf4 22. Re1 Qg2# 0-1

[Event "Junior Online 4NCL Division 5"]
[Site "online"]
[Date "2020.05.14"]
[Round "5.122"]
[White "Dushi, Errol"]
[Black "Coles, Osian"]
[Result "0-1"]
[WhiteElo "925"]
[BlackElo "325"]
[PlyCount "56"]
[EventDate "2020.05.14"]
[WhiteTeam "Cambridge Chess & Go C"]
[BlackTeam "PSE Jaguars"]

1. d3 d6 2. Bg5 f6 3. Bxf6 exf6 4. Nc3 Bf5 5. d4 Nc6 6. Nd5 Be6 7. Nxf6+ gxf6
8. Nh3 Bxh3 9. gxh3 Qe7 10. Rg1 O-O-O 11. d5 Nb8 12. Bg2 b6 13. e3 Bh6 14. e4
Qg7 15. e5 fxe5 16. Rf1 Qxg2 17. Ke2 Qxh2 18. Re1 Qxh3 19. b3 Na6 20. b4 Nxb4
21. a3 Nxd5 22. Qxd5 Ne7 23. Qd1 d5 24. Rb1 d4 25. Rb3 Qf5 26. a4 Rhg8 27. Rb1
Rg2 28. Ra1 Rxf2# 0-1

[Event "Junior Online 4NCL Division 5"]
[Site "online"]
[Date "2020.05.21"]
[Round "6.11"]
[White "Liu, Wenle"]
[Black "Shrestha, Unnabh"]
[Result "1-0"]
[WhiteElo "1069"]
[BlackElo "1084"]
[PlyCount "135"]
[EventDate "2020.05.21"]
[WhiteTeam "St Benildus 1"]
[BlackTeam "East Kilbride Knights"]

1. e4 c6 2. d4 d5 3. e5 Bf5 4. Nc3 e6 5. h4 h6 6. Bd3 Bxd3 7. Qxd3 Ne7 8. Nf3
Nd7 9. Bf4 Qc7 10. O-O-O a6 11. g4 c5 12. dxc5 Nc6 13. g5 Bxc5 14. gxh6 gxh6
15. Rhg1 O-O-O 16. Qd2 h5 17. Ng5 Ndxe5 18. Rde1 f6 19. Nxe6 Qd6 20. Nxd8 Rxd8
21. Bxe5 fxe5 22. Qg5 Bxf2 23. Qf5+ Qd7 24. Qxf2 d4 25. Ne4 Qd5 26. Qf5+ Kb8
27. b3 d3 28. Nd2 Nb4 29. Qxe5+ Qxe5 30. Rxe5 Nxc2 31. Nc4 b5 32. Nd2 Nb4 33.
Kb1 Rc8 34. Rc1 Rxc1+ 35. Kxc1 Nxa2+ 36. Kb2 Nb4 37. Kc3 Nc6 38. Re8+ Kc7 39.
Kxd3 a5 40. Rh8 a4 41. bxa4 bxa4 42. Rxh5 a3 43. Rh7+ Kb6 44. Kc3 a2 45. Kb2
Nb4 46. Ka1 Ka5 47. Ra7+ Kb6 48. Rxa2 Nxa2 49. Kxa2 Kc7 50. h5 Kd7 51. h6 Ke7
52. h7 Kf7 53. h8=Q Ke6 54. Nc4 Kd5 55. Qf6 Kxc4 56. Qf3 Kd4 57. Kb2 Ke5 58.
Qg4 Kf6 59. Qh5 Kg7 60. Qa5 Kf6 61. Qd5 Ke7 62. Qc6 Kd8 63. Qb7 Ke8 64. Kc3 Kd8
65. Kd4 Ke8 66. Ke5 Kd8 67. Ke6 Ke8 68. Qb8# 1-0

[Event "Junior Online 4NCL Division 5"]
[Site "online"]
[Date "2020.05.21"]
[Round "6.12"]
[White "Tandon, Ashley"]
[Black "Hand, Joseph"]
[Result "1-0"]
[WhiteElo "905"]
[BlackElo "1092"]
[PlyCount "39"]
[EventDate "2020.05.21"]
[WhiteTeam "East Kilbride Knights"]
[BlackTeam "St Benildus 1"]

1. d4 d5 2. c4 dxc4 3. e3 e6 4. Bxc4 Nc6 5. Nc3 Nf6 6. Nf3 Bb4 7. O-O O-O 8. a3
Bxc3 9. bxc3 Re8 10. Bd3 e5 11. Nxe5 Nxe5 12. dxe5 Rxe5 13. Bxh7+ Kxh7 14. Qxd8
Rd5 15. Qxc7 Rd7 16. Qg3 Ne4 17. Qh4+ Kg8 18. Qxe4 Kf8 19. a4 Re7 20. Ba3 1-0

[Event "Junior Online 4NCL Division 5"]
[Site "online"]
[Date "2020.05.21"]
[Round "6.13"]
[White "Bueckert, Diana"]
[Black "Nagar Nikunj"]
[Result "1-0"]
[WhiteElo "965"]
[BlackElo "653"]
[PlyCount "101"]
[EventDate "2020.05.21"]
[WhiteTeam "St Benildus 1"]
[BlackTeam "East Kilbride Knights"]

1. d4 d5 2. Nf3 Bf5 3. c4 dxc4 4. e3 Nf6 5. Bxc4 Nc6 6. O-O e6 7. Nc3 Bd6 8.
Re1 O-O 9. e4 Bg6 10. e5 Be7 11. exf6 Bxf6 12. Be3 Qe7 13. Qb3 Na5 14. Qa4 Nxc4
15. Qxc4 Rad8 16. d5 exd5 17. Nxd5 Qe6 18. Nxf6+ Qxf6 19. Bd4 Qd6 20. Qc3 f6
21. Bc5 Qd7 22. Bxf8 Rxf8 23. Rad1 Qb5 24. Qxc7 Qxb2 25. Rd2 Qb6 26. Qxb6 axb6
27. Rb2 Bf7 28. Ra1 Rd8 29. h3 Rd6 30. Rab1 h6 31. Rxb6 Rxb6 32. Rxb6 Bxa2 33.
Rxb7 Bd5 34. Rb8+ Kh7 35. Nh4 g5 36. Nf5 Be6 37. Nd4 Bc4 38. Rc8 Ba6 39. Rc7+
Kg6 40. Rc6 Bb7 41. Rb6 Bd5 42. Nc6 Bf7 43. Nd8 Bc4 44. Nb7 Bd5 45. Nc5 Be4 46.
Nd7 Kh5 47. Nxf6+ Kh4 48. Nxe4 h5 49. Rh6 g4 50. g3+ Kxh3 51. Rxh5# 1-0

[Event "Junior Online 4NCL Division 5"]
[Site "online"]
[Date "2020.05.21"]
[Round "6.14"]
[White "Pardeshi, Prachi"]
[Black "Bueckert, Lucy"]
[Result "0-1"]
[WhiteElo "519"]
[BlackElo "819"]
[PlyCount "120"]
[EventDate "2020.05.21"]
[WhiteTeam "East Kilbride Knights"]
[BlackTeam "St Benildus 1"]

1. e4 d5 2. e5 Nc6 3. Nf3 Bg4 4. d4 Bxf3 5. Qxf3 Nxd4 6. Qd3 Nc6 7. Bf4 e6 8.
Be2 Nb4 9. Qc3 Be7 10. a3 Nc6 11. Bb5 Qd7 12. Bxc6 Qxc6 13. Qxc6+ bxc6 14. O-O
f6 15. exf6 Bxf6 16. Nc3 Bxc3 17. bxc3 Rc8 18. Rfe1 Kd7 19. Rad1 Nf6 20. c4 Ke7
21. cxd5 Nxd5 22. Be5 Rhg8 23. c4 Nb6 24. c5 Nc4 25. Ra1 Nxe5 26. Rxe5 Rcd8 27.
f4 Rgf8 28. Rf1 Rd4 29. f5 Kf6 30. Rxe6+ Kg5 31. Rxc6 Rxf5 32. Rxf5+ Kxf5 33.
Rxc7 Rd1+ 34. Kf2 Rd2+ 35. Ke1 Rxg2 36. Rxa7 Rxh2 37. c6 Rh1+ 38. Kd2 Rh2+ 39.
Kc3 Rh3+ 40. Kb4 Rh4+ 41. Kb5 Ke6 42. c7 Rh5+ 43. Kb6 Kd7 44. Kb7 Rb5+ 45. Ka6
Rc5 46. a4 Rxc7 47. Rxc7+ Kxc7 48. Kb5 Kb8 49. a5 h5 50. Kb6 Ka8 51. a6 h4 52.
Ka5 h3 53. Kb6 h2 54. a7 h1=Q 55. Ka6 Qb7+ 56. Ka5 Qxa7+ 57. Kb5 g5 58. Kc4 g4
59. Kd3 g3 60. Ke2 g2 0-1